[Event "XXV OOM - Mistrzostwa Polski Juniorow Mlodszych - Chlopcy do lat 14"]
[Site "Sielpia"]
[Date "1899-12-30"]
[Round "1.1"]
[White "Zdybel, Przemyslaw"]
[Black "Chyzy, Jakub"]
[Result "0-1"]
[WhiteTitle "I"]
[BlackTitle "k"]
[WhiteElo "1698"]
[BlackElo "2140"]

1. e4 e5 2. Nf3 Nc6 3. Bb5 a6 4. Ba4 Nf6 5. O-O Be7 6. Re1 b5 7. Bb3 d6 8. c3 O-O
9. h3 Na5 10. Bc2 c5 11. d4 Qc7 12. Nbd2 cxd4 13. cxd4 Nc6 14. Nb3 a5 15. Be3
a4 16. Nbd2 Nb4 17. Bb1 Bd7 18. a3 Nc6 19. Bd3 Qb7 20. Qe2 exd4 21. Nxd4 Nxd4
22. Bxd4 Bc6 23. Rac1 Nd7 24. Rxc6 Qxc6 25. Bxb5 Qb7 26. Bxg7 Kxg7 27. Qg4+ Kh8
28. Qxd7 Qxd7 29. Bxd7 Ra7 30. Bg4 Rb8 31. Nc4 Rc7 32. Be2 Rc6 33. e5 d5 34. Ne3
Rxb2 35. Nxd5 Bxa3 36. Bf3 Bc5 37. Kh1 Bxf2 38. Rd1 Rc8 39. Ne7 0-1

[Event "XXV OOM - Mistrzostwa Polski Juniorow Mlodszych - Chlopcy do lat 14"]
[Site "Sielpia"]
[Date "1899-12-30"]
[Round "1.2"]
[White "Ochedzan, Tymon"]
[Black "Wysocki, Mateusz"]
[Result "1-0"]
[WhiteTitle "CM"]
[BlackTitle "I"]
[WhiteElo "2090"]
[BlackElo "1697"]

1. e4 c5 2. Nf3 e6 3. d4 cxd4 4. Nxd4 a6 5. Bd3 Nf6 6. O-O d6 7. c4 Nbd7 8. Nc3
Qc7 9. Qe2 Be7 10. f4 O-O 11. Kh1 b6 12. Bd2 Bb7 13. Rae1 e5 14. Nf5 Rfe8 15.
Nxe7+ Rxe7 16. f5 Ne8 17. g4 f6 18. g5 fxg5 19. Bxg5 Rf7 20. Rc1 Ndf6 21. Nd5
Nxd5 22. cxd5 Qd7 23. Qe3 b5 24. Rc2 h6 25. Bxh6 gxh6 26. Qxh6 Rh7 27. Rg2+ Ng7
28. Qg6 Rf8 29. f6 Bc8 30. fxg7 Rxf1+ 31. Bxf1 Rxg7 32. Qxg7+ Qxg7 33. Rxg7+ Kxg7
34. b4 Bg4 35. Kg2 Kf6 36. Kg3 Kg5 37. h4+ Kh5 38. Bh3 1-0

[Event "XXV OOM - Mistrzostwa Polski Juniorow Mlodszych - Chlopcy do lat 14"]
[Site "Sielpia"]
[Date "1899-12-30"]
[Round "1.3"]
[White "Dziendziel, Mateusz"]
[Black "Luczak, Filip"]
[Result "1/2-1/2"]
[WhiteTitle "II+"]
[BlackTitle "CM"]
[WhiteElo "1684"]
[BlackElo "2071"]

1. e4 c5 2. Nf3 d6 3. d4 cxd4 4. Nxd4 Nf6 5. Nc3 a6 6. Bg5 Nbd7 7. f4 g6 8. Qf3
Bg7 9. O-O-O Qc7 10. g4 h6 11. Bxf6 Nxf6 12. Rg1 e5 13. Nde2 Be6 14. g5 hxg5 15.
fxg5 Nd7 16. Nd5 Qc5 17. Rh1 Rc8 18. Nec3 b5 19. a3 Nb8 20. Nb4 Kf8 21. h4 a5
22. Nd3 Qb6 23. Qf2 Qxf2 24. Nxf2 b4 25. axb4 axb4 26. Nb5 Nc6 27. Bh3 Bxh3 28.
Rxh3 Nd4 29. Nxd4 exd4 30. Kd2 Ke7 31. Ra1 b3 32. cxb3 Rc7 33. Nd3 Ke6 34. Rhh1
Rb7 35. b4 Be5 36. Ra6 Rc7 37. Nxe5 Kxe5 38. Kd3 Rb7 39. Ra5+ Kf4 40. b5 Rhb8
41. Rf1+ Kg3 42. Kxd4 Kxh4 43. Kd5 Kxg5 44. Kxd6 Rxb5 45. Rxb5+ Rxb5 46. Rxf7
Rxb2 47. e5 Rb6+ 48. Kd7 1/2-1/2

[Event "XXV OOM - Mistrzostwa Polski Juniorow Mlodszych - Chlopcy do lat 14"]
[Site "Sielpia"]
[Date "1899-12-30"]
[Round "1.4"]
[White "Karolczuk, Iwo"]
[Black "Kaliszuk, Kamil"]
[Result "1-0"]
[WhiteTitle "I++"]
[BlackTitle "I"]
[WhiteElo "2055"]
[BlackElo "1674"]

1. d4 Nf6 2. Nf3 g6 3. c3 Bg7 4. Bf4 O-O 5. e3 d6 6. h3 Nc6 7. Be2 Nd7 8. O-O e5
9. Bh2 f5 10. b4 e4 11. Nfd2 Nf6 12. b5 Ne7 13. c4 g5 14. Nc3 Ng6 15. Rc1 Qe7
16. Qc2 Be6 17. a4 Rae8 18. a5 Bc8 19. Nd5 Qd7 20. Rfe1 c6 21. Nxf6+ Bxf6 22.
c5 d5 23. a6 f4 24. Bg4 Qf7 25. Bxc8 Rxc8 26. axb7 Qxb7 27. bxc6 Qxc6 28. Qa2
Rf7 29. Rc3 fxe3 30. fxe3 Rcf8 31. Ra3 Bxd4 32. exd4 Qf6 33. Kh1 Qf2 34. Rf1 Qxd4
35. Rxf7 Rxf7 36. Bg1 Qe5 37. Rxa7 g4 38. Rxf7 Kxf7 39. Qa7+ Ne7 40. Qa3 Nf5 41.
Nf1 Qf4 42. hxg4 Qxg4 43. Bf2 Qf4 44. Kg1 d4 45. Qa7+ Kg6 46. Qa6+ Kg5 47. c6
d3 48. Qa5 Kg6 49. c7 e3 50. Nxe3 1-0

[Event "XXV OOM - Mistrzostwa Polski Juniorow Mlodszych - Chlopcy do lat 14"]
[Site "Sielpia"]
[Date "1899-12-30"]
[Round "1.5"]
[White "Wilk, Igor"]
[Black "Czernek, Tymon"]
[Result "0-1"]
[WhiteTitle "I"]
[BlackTitle "I++"]
[WhiteElo "1669"]
[BlackElo "2050"]

1. e4 c5 2. Nf3 d6 3. d4 cxd4 4. Nxd4 Nf6 5. Nc3 a6 6. Be2 e5 7. Nb3 Be7 8. Bg5
Nbd7 9. a4 h6 10. Bh4 g5 11. Bg3 Nf8 12. O-O Ng6 13. Bc4 Qc7 14. Nd2 h5 15. f3
Nf4 16. a5 Bd7 17. Bb3 h4 18. Bf2 g4 19. Be3 Rg8 20. Bxf4 exf4 21. Nc4 h3 22.
Ne2 gxf3 23. Nxf4 Qc5+ 24. Rf2 Nxe4 25. Qxf3 Qxf2+ 26. Qxf2 Nxf2 27. Kxf2 hxg2
28. Nxg2 Bc6 29. Nge3 Bh4+ 30. Ke2 O-O-O 31. Nb6+ Kb8 32. Bxf7 Rg7 33. Rf1 Rf8
34. Bd5 Re8 35. Kd3 Bg5 36. Nf5 Rh7 37. Rg1 Bf4 38. h4 Bxd5 39. Nxd5 Rf7 40. Nd4
Be5 41. Re1 Rh8 42. Re4 Rf1 43. Ne3 Ra1 44. Nc4 Rd1+ 45. Nd2 Bf6 46. N4f3 Bxb2
47. Ke2 Rc1 48. Kd3 Bf6 49. Rf4 Bd8 50. Nc4 Rh1 51. Nxd6 Rd1+ 52. Nd2 Bxa5 53.
N6c4 Bxd2 54. Nxd2 Rd8+ 0-1

[Event "XXV OOM - Mistrzostwa Polski Juniorow Mlodszych - Chlopcy do lat 14"]
[Site "Sielpia"]
[Date "1899-12-30"]
[Round "1.6"]
[White "Luberanski, Jakub"]
[Black "Topola, Rafal"]
[Result "1-0"]
[WhiteTitle "I+"]
[BlackTitle "I"]
[WhiteElo "2023"]
[BlackElo "1664"]

1. e4 c6 2. d4 d5 3. e5 Bf5 4. Nf3 e6 5. Be2 Nd7 6. O-O c5 7. c4 Ne7 8. Nc3 dxc4
9. Bxc4 Nc6 10. d5 exd5 11. Nxd5 Nb6 12. Bg5 Qd7 13. Nxb6 axb6 14. Qe2 Be7 15.
e6 Bxe6 16. Rad1 Qc8 17. Bxe6 fxe6 18. Bxe7 Kxe7 19. Rfe1 h6 20. Nh4 Nd4 21. Ng6+
Kf6 22. Rxd4 Kxg6 23. Qd3+ Kf6 24. Rd7 Rg8 25. Qf3+ Kg6 26. Rxe6+ Kg5 27. Rd5+
Kh4 1-0

[Event "XXV OOM - Mistrzostwa Polski Juniorow Mlodszych - Chlopcy do lat 14"]
[Site "Sielpia"]
[Date "1899-12-30"]
[Round "1.7"]
[White "Iwaszkiewicz, Krzysztof"]
[Black "Turski, Bartlomiej"]
[Result "1-0"]
[WhiteTitle "I"]
[BlackTitle "I"]
[WhiteElo "1651"]
[BlackElo "1982"]

1. d4 Nf6 2. Bf4 g6 3. Nc3 d5 4. e3 Bg7 5. h4 h5 6. Nf3 Bf5 7. Bd3 Bxd3 8. Qxd3
a6 9. Ne5 Nbd7 10. f3 e6 11. O-O-O c5 12. e4 c4 13. Qe2 O-O 14. Nxd7 Qxd7 15.
e5 Ne8 16. g4 b5 17. gxh5 b4 18. Nb1 Qa4 19. h6 Bh8 20. h5 Kh7 21. Rhg1 Nc7 22.
Rg3 Rg8 23. Rdg1 Nb5 24. Be3 Bxe5 25. dxe5 d4 26. Rxg6 d3 27. Rg7+ Rxg7 28. Rxg7+
Kh8 29. Qg2 Qxc2+ 30. Qxc2 dxc2 31. Kxc2 Rd8 32. Nd2 Rd3 33. Nxc4 Rd5 34. Rxf7
a5 35. a3 b3+ 36. Kxb3 Nd4+ 37. Bxd4 Rxd4 38. Nxa5 Kg8 39. Rf6 Rd5 40. Nc4 Kh8
41. Rxe6 Rd3+ 42. Ka2 Rxf3 43. Rd6 Rf2 44. e6 Re2 45. Nb6 Kh7 46. Rd7+ Kh8 47.
e7 Kg8 48. Nd5 Kh8 49. Rc7 Kg8 50. e8=R+ Rxe8 51. Nf6+ Kh8 52. Rh7# 1-0

[Event "XXV OOM - Mistrzostwa Polski Juniorow Mlodszych - Chlopcy do lat 14"]
[Site "Sielpia"]
[Date "1899-12-30"]
[Round "1.8"]
[White "Poltorak, Sebastian"]
[Black "Pazdzierz, Piotr"]
[Result "1-0"]
[WhiteTitle "I+"]
[BlackTitle "I"]
[WhiteElo "1962"]
[BlackElo "1639"]

1. d4 d5 2. c4 c6 3. Nc3 Nf6 4. Nf3 e6 5. Bg5 Nbd7 6. Qc2 Qa5 7. Bd2 Qd8 8. e4
dxe4 9. Nxe4 Nxe4 10. Qxe4 Nf6 11. Qc2 Be7 12. Bd3 O-O 13. Bc3 b6 14. Ne5 Bb7
15. O-O-O Qc7 16. Rhg1 h6 17. g4 Nd7 18. f4 Nxe5 19. fxe5 c5 20. d5 exd5 21. cxd5
Bg5+ 22. Kb1 a5 23. d6 Qd8 24. Rgf1 Kh8 25. Qf2 Bc8 26. Qf3 Be6 27. Qe4 g6 28.
Bc4 Qd7 29. h4 Bxh4 30. Rh1 Bg5 31. Bxe6 Qxe6 32. Bd2 Bxd2 33. Rxd2 Kg7 34. Rdh2
Rh8 35. Qe3 g5 36. Qc3 Rae8 37. Re1 Rh7 38. Rf2 Kg8 39. Qf3 Qg6+ 40. Qf5 Qe6 41.
Rd2 Rd8 42. d7 Qe7 43. Red1 h5 44. gxh5 Rxh5 45. Rg2 Kg7 46. Qf3 Rdh8 47. d8=Q
Rxd8 48. Qxh5 Rxd1+ 49. Qxd1 Qxe5 50. Qg1 f6 51. Rh2 Qe4+ 52. Ka1 g4 53. Qb1 Qxb1+
54. Kxb1 f5 55. Kc2 Kg6 56. Kd3 Kg5 57. Rh8 Kf4 58. Rf8 g3 59. Ke2 Kg4 60. Kf1
Kf4 61. Kg2 c4 62. Rg8 b5 63. Rxg3 b4 64. Kf2 Ke4 65. Ke2 f4 66. Rf3 Kf5 67. Rh3
Ke4 68. Rh8 c3 69. bxc3 bxc3 70. Rf8 a4 71. a3 c2 72. Kd2 c1=Q+ 73. Kxc1 Ke3 74.
Kc2 f3 75. Kc3 f2 76. Kb4 Ke2 77. Kxa4 1-0

[Event "XXV OOM - Mistrzostwa Polski Juniorow Mlodszych - Chlopcy do lat 14"]
[Site "Sielpia"]
[Date "1899-12-30"]
[Round "1.9"]
[White "Sieczkowski, Adam"]
[Black "Kacprzak, Karol"]
[Result "0-1"]
[WhiteTitle "I+"]
[BlackTitle "I+"]
[WhiteElo "1638"]
[BlackElo "1910"]

1. Nf3 Nf6 2. c4 c5 3. g3 Nc6 4. Bg2 d5 5. O-O e5 6. cxd5 Nxd5 7. Nc3 Nc7 8. d3
Be7 9. Be3 Be6 10. Rc1 f6 11. a3 b6 12. Qa4 Bd7 13. Qb3 Rc8 14. Nd5 Ne6 15. Rfe1
O-O 16. Bd2 Kh8 17. e3 Bd6 18. Bc3 Re8 19. Qa2 a5 20. Rb1 b5 21. b4 cxb4 22. axb4
axb4 23. Bxb4 Nxb4 24. Nxb4 Nc5 25. d4 Be6 26. d5 Bf5 27. Rbc1 Ra8 28. Qe2 Nb3
29. Rc3 Bxb4 30. Rxb3 Bxe1 31. Nxe1 Bd7 32. h3 Qc8 33. Kh2 e4 34. Nc2 Ra2 35.
Qh5 Qxc2 36. Rxb5 Qxf2 0-1

[Event "XXV OOM - Mistrzostwa Polski Juniorow Mlodszych - Chlopcy do lat 14"]
[Site "Sielpia"]
[Date "1899-12-30"]
[Round "1.10"]
[White "Grzesik, Gracjan"]
[Black "Szlosarczyk, Hubert"]
[Result "1/2-1/2"]
[WhiteTitle "I"]
[BlackTitle "II+"]
[WhiteElo "1904"]
[BlackElo "1620"]

1. c4 e6 2. Nc3 d5 3. cxd5 exd5 4. d4 Nf6 5. Bg5 Be7 6. Qc2 c6 7. e3 Nbd7 8. Bd3
g6 9. Nge2 Nh5 10. Bxe7 Qxe7 11. O-O Nb6 12. Rad1 Ng7 13. Rfe1 Bf5 14. Ng3 Bxd3
15. Qxd3 O-O 16. f3 Nc4 17. Re2 Qd7 18. b3 Nb6 19. e4 Rad8 20. e5 Nc8 21. f4 Ne7
22. b4 a6 23. Rf1 Nef5 24. Nxf5 Qxf5 25. Qxf5 Nxf5 26. Rd1 h5 27. Rd3 b5 28. Rc2
Rc8 29. Ne2 Rc7 30. Nc1 Ra8 31. Nb3 Kh7 32. g3 Kg8 33. h3 h4 34. g4 Ne7 35. Rdc3
Rac8 36. Na5 Kf8 37. Rf3 Kg7 38. f5 gxf5 39. gxf5 f6 40. Rg2+ Kf7 41. e6+ Kf8
42. Rg4 Ng8 43. Rxh4 Rg7+ 44. Kf2 Rcc7 45. Rg3 Rxg3 46. Kxg3 Rg7+ 47. Rg4 Ne7
48. Rxg7 Nxf5+ 49. Kg4 Nxg7 50. e7+ Kxe7 51. Nxc6+ Kd6 52. Nb8 Ne6 53. Nxa6 Nxd4
54. Kf4 Ne6+ 55. Kf5 d4 56. Ke4 f5+ 57. Kd3 Kd5 58. h4 Ke5 59. Nc5 Nf4+ 60. Kd2
Kd5 61. a4 bxa4 62. Nxa4 Kc4 63. Nb2+ Kb5 1/2-1/2

[Event "XXV OOM - Mistrzostwa Polski Juniorow Mlodszych - Chlopcy do lat 14"]
[Site "Sielpia"]
[Date "1899-12-30"]
[Round "1.11"]
[White "Ciszewski, Krzysztof"]
[Black "Dzida, Kamil"]
[Result "0-1"]
[WhiteTitle "II+"]
[BlackTitle "I++"]
[WhiteElo "1612"]
[BlackElo "1877"]

1. d4 Nf6 2. c4 e6 3. Nc3 Bb4 4. e3 O-O 5. Bd3 c5 6. Nge2 cxd4 7. exd4 b6 8. a3
Be7 9. O-O Bb7 10. b4 a5 11. b5 d6 12. Ng3 Nbd7 13. Be3 Rc8 14. Qb3 Re8 15. Rac1
d5 16. Rfd1 dxc4 17. Bxc4 Bxa3 18. Rc2 Qe7 19. Bf4 Qb4 20. Qxb4 Bxb4 21. Nce2
Nd5 22. Bb3 Rxc2 23. Bxc2 Rc8 24. Be4 N7f6 25. Be5 Nxe4 26. Nxe4 Rc2 27. N2g3
a4 28. Nd6 Ba8 29. Nge4 Nc3 30. Nxc3 Bxc3 31. Nc4 Bb7 32. h3 Bb4 33. Nxb6 f6 34.
Bf4 a3 35. Ra1 a2 36. Na4 Re2 37. Bc1 Re1+ 38. Kh2 Bd6+ 39. f4 Rxc1 40. Rxc1 Bxf4+
0-1

[Event "XXV OOM - Mistrzostwa Polski Juniorow Mlodszych - Chlopcy do lat 14"]
[Site "Sielpia"]
[Date "1899-12-30"]
[Round "1.12"]
[White "Jeda, Maciej"]
[Black "Pisarek, Jan"]
[Result "1-0"]
[WhiteTitle "I"]
[BlackTitle "I"]
[WhiteElo "1850"]
[BlackElo "1610"]

1. e4 c5 2. Nf3 d6 3. d4 cxd4 4. Nxd4 Nf6 5. Nc3 g6 6. Be2 Bg7 7. Be3 Nc6 8. Nb3
O-O 9. O-O Be6 10. f4 Na5 11. Nxa5 Qxa5 12. Qd2 Rac8 13. Bf3 Rfd8 14. Rfd1 Ng4
15. Bd4 Rc4 16. Ne2 Bxd4+ 17. Nxd4 Qb6 18. c3 Rcc8 19. f5 Ne5 20. fxe6 fxe6 21.
Kh1 Nc4 22. Qh6 d5 23. exd5 exd5 24. Bg4 Rc6 25. Nxc6 Qxc6 26. Qh3 Rd6 27. Re1
e5 28. b3 Nd2 29. Rxe5 Ne4 30. Rf1 Rf6 31. Bf5 Rxf5 32. Rexf5 gxf5 33. Qxf5 Qe8
34. Qxd5+ Kg7 35. Qd4+ Kg8 36. Kg1 1-0

[Event "XXV OOM - Mistrzostwa Polski Juniorow Mlodszych - Chlopcy do lat 14"]
[Site "Sielpia"]
[Date "1899-12-30"]
[Round "1.13"]
[White "Kossowski, Pawel"]
[Black "Kacprzak, Kacper"]
[Result "0-1"]
[WhiteTitle "II+"]
[BlackTitle "I"]
[WhiteElo "1589"]
[BlackElo "1841"]

1. e4 e6 2. d4 d5 3. exd5 exd5 4. Nf3 Bd6 5. c4 c6 6. Nc3 Ne7 7. Bd3 h6 8. h3 O-O
9. O-O Nd7 10. Re1 dxc4 11. Bxc4 Nb6 12. Bb3 Ned5 13. Nxd5 cxd5 14. Ne5 Qf6 15.
Qh5 Bf5 16. Re3 Bxe5 17. Rxe5 Bg6 18. Qe2 Rfd8 19. Bd2 a5 20. Qb5 Qc6 21. Qxc6
bxc6 22. Rc1 a4 23. Bc2 Nc4 24. Re2 Bxc2 25. Rxc2 Rab8 26. Be1 Rd7 27. a3 g6 28.
Bb4 Rdb7 29. Kf1 Rc8 30. Ke1 Rbb8 31. Kd1 Re8 32. Kc1 f6 33. h4 Kf7 34. g3 h5
35. Kd1 Re6 36. Rxe6 Kxe6 37. Re2+ Kf5 38. Kc2 g5 39. hxg5 fxg5 40. Re7 Kg4 41.
Rg7 Kf5 42. Rc7 Re8 43. Bc3 Re6 44. Rh7 Kg6 45. Rc7 h4 46. gxh4 gxh4 47. Kd3 h3
48. Rc8 Kh7 49. Rc7+ Kh6 50. Rc8 Kh5 51. Rh8+ Rh6 0-1

[Event "XXV OOM - Mistrzostwa Polski Juniorow Mlodszych - Chlopcy do lat 14"]
[Site "Sielpia"]
[Date "1899-12-30"]
[Round "1.14"]
[White "Babiarz, Arkadiusz"]
[Black "Stachecki, Mikolaj"]
[Result "1-0"]
[WhiteTitle "I++"]
[BlackTitle "II+"]
[WhiteElo "1839"]
[BlackElo "1587"]

1. e4 c5 2. c3 Nf6 3. e5 Nd5 4. Nf3 d6 5. d4 cxd4 6. Qxd4 e6 7. Bb5+ Nc6 8. exd6
Qxd6 9. Bxc6+ bxc6 10. O-O c5 11. Qe4 Qc7 12. c4 Nb6 13. Bf4 Bb7 14. Qe3 Qc6 15.
Na3 Be7 16. Rad1 O-O 17. b3 Rfd8 18. Nb5 a6 19. Nc3 Rxd1 20. Rxd1 Rd8 21. Rxd8+
Bxd8 22. Qd2 Be7 23. Ne1 f6 24. f3 e5 25. Bg3 Qe6 26. Nd3 Bc6 27. Qe3 Nd7 28.
Ne4 Bxe4 29. Qxe4 Nb6 30. f4 Bd6 31. fxe5 fxe5 32. Nxe5 Bxe5 33. Qxe5 Qxe5 34.
Bxe5 Kf7 35. Kf2 Nd7 36. Bc3 g6 37. Ke3 Ke6 38. Ke4 Nb6 39. a3 Kd6 40. Ba5 Nd7
41. Bd8 Ke6 42. b4 cxb4 43. axb4 Kd6 44. Bh4 Kc6 45. Be7 Nb6 46. Kd4 Nd7 47. g4
Nb6 48. h4 Nd7 49. g5 Nb6 50. Bf6 Nd7 51. Be5 Nb6 52. Bg3 Nd7 53. Kc3 Nb6 54.
Kb3 Nd7 55. Ka4 Nb6+ 56. Ka5 Nxc4+ 57. Kxa6 Na3 58. Ka5 Nb5 59. Ka4 Nd4 60. Bf2
Nb5 61. Kb3 Nc7 62. Kc4 Nb5 63. Bc5 Nc7 64. Kd4 Kd7 65. Ke5 Ne8 66. b5 Nc7 67.
Kf6 Nxb5 68. Kg7 Nc7 69. Kxh7 Ne6 70. Be3 Nf8+ 71. Kg7 Ke8 72. Bc1 Ne6+ 73. Kxg6
Kf8 74. Kf6 Ng7 75. Kg6 Kg8 76. h5 Ne6 77. Kf6 Nf8 78. Ke7 Kg7 79. Kd6 Nh7 80.
Ke5 Nf8 81. Kf5 Nh7 82. g6 Nf8 83. h6+ Kh8 84. g7+ Kh7 85. gxf8=N+ Kh8 86. Kg6
Kg8 87. h7+ 1-0

[Event "XXV OOM - Mistrzostwa Polski Juniorow Mlodszych - Chlopcy do lat 14"]
[Site "Sielpia"]
[Date "1899-12-30"]
[Round "1.15"]
[White "Jozefczyk, Szymon"]
[Black "Wojdak, Jan"]
[Result "0-1"]
[WhiteTitle "II"]
[BlackTitle "I"]
[WhiteElo "1580"]
[BlackElo "1834"]

1. e4 c5 2. Nf3 Nc6 3. d4 cxd4 4. Nxd4 Qb6 5. Nb3 Nf6 6. Nc3 e6 7. Be3 Qc7 8. a3
d6 9. f4 Be7 10. Be2 a6 11. O-O O-O 12. a4 b6 13. Bf3 Bb7 14. Qe2 Nd7 15. Qf2
Bf6 16. g4 Nb4 17. Bd2 Nc5 18. g5 Be7 19. Be3 f6 20. Nxc5 bxc5 21. h4 d5 22. exd5
Nxd5 23. Nxd5 Bxd5 24. Rad1 Rad8 25. b3 fxg5 26. Bxd5 exd5 27. hxg5 d4 28. Bd2
Bxg5 29. Qg3 Be7 30. Qg2 Qd7 31. Rde1 Bf6 32. f5 Rde8 33. Rxe8 Rxe8 34. Bg5 Bxg5
35. Qxg5 Qe7 36. Qg2 Qe3+ 37. Kh1 Qe4 38. Rf3 Qh4+ 39. Rh3 Qe1+ 40. Qg1 Qe4+ 41.
Qg2 Qxg2+ 42. Kxg2 Re2+ 43. Kf3 Re3+ 44. Kg4 Rxh3 45. Kxh3 Kf7 46. Kg4 Kf6 47.
Kf4 g6 48. fxg6 hxg6 49. a5 g5+ 50. Kg4 Kg6 51. Kg3 Kf5 52. Kf3 g4+ 53. Kg3 Kg5
54. Kg2 Kf4 55. Kf2 g3+ 56. Kg2 Kg4 57. Kg1 Kf3 58. Kf1 g2+ 59. Kg1 Kg3 0-1

[Event "XXV OOM - Mistrzostwa Polski Juniorow Mlodszych - Chlopcy do lat 14"]
[Site "Sielpia"]
[Date "1899-12-30"]
[Round "1.16"]
[White "Szydlo, Michal"]
[Black "Taranowicz, Michal"]
[Result "1-0"]
[WhiteTitle "I"]
[BlackTitle "II+"]
[WhiteElo "1830"]
[BlackElo "1560"]

1. e4 d6 2. d4 g6 3. Nc3 Bg7 4. f4 Nd7 5. Nf3 c5 6. d5 Qc7 7. Bc4 a6 8. a4 Ngf6
9. O-O O-O 10. h3 Rb8 11. Be3 b6 12. Qe2 Nh5 13. Kh2 Bh6 14. g3 Ndf6 15. Qg2 Nxg3
16. Qxg3 Nh5 17. Qh4 e5 18. dxe6 fxe6 19. Ng5 d5 20. exd5 Rf5 21. dxe6 Bb7 22.
e7+ Kh8 23. Nf7+ Rxf7 24. Bxf7 g5 25. Qxh5 gxf4 26. Qxh6 fxe3+ 27. Rf4 Qc6 28.
Qf8+ Rxf8 29. exf8=Q# 1-0

[Event "XXV OOM - Mistrzostwa Polski Juniorow Mlodszych - Chlopcy do lat 14"]
[Site "Sielpia"]
[Date "1899-12-30"]
[Round "1.17"]
[White "Goszyk, Bartosz"]
[Black "Kolodziejski, Piotr"]
[Result "1/2-1/2"]
[WhiteTitle "II"]
[BlackTitle "I"]
[WhiteElo "1554"]
[BlackElo "1797"]

1. e4 c6 2. d4 d5 3. Nc3 dxe4 4. Nxe4 Bf5 5. Ng3 Bg6 6. Nh3 e6 7. Nf4 Bd6 8. c3
Qc7 9. Ngh5 Bxh5 10. Nxh5 g6 11. Ng3 Nf6 12. Qf3 Nbd7 13. Bg5 Be7 14. Bd3 h6 15.
Bf4 Bd6 16. Bxd6 Qxd6 17. O-O O-O-O 18. Ne4 Nxe4 19. Bxe4 f5 20. Bc2 e5 21. dxe5
Nxe5 22. Qg3 Nc4 23. Qxd6 Rxd6 24. b3 Na3 25. Bd1 Rd2 26. b4 Rhd8 27. Bb3 Nb5
28. Rac1 R8d6 29. Rfe1 Kd7 30. a4 Nc7 31. c4 Rb2 32. Rc3 Rdd2 33. Rf1 Ne6 34.
b5 Nd4 35. Bd1 f4 36. g3 Ke7 37. Kg2 Kf6 38. bxc6 bxc6 39. gxf4 Ne6 40. Kg3 Rb1
41. Be2 Rb4 42. Bf3 Nd4 43. Bg4 h5 44. Rd1 Rxd1 45. Bxd1 Rb1 46. Rd3 c5 47. Bf3
Rb4 48. Bd5 Rxa4 49. Kg2 Ra6 50. Re3 Ne6 51. Kg3 Nc7 52. Rd3 Rd6 53. Kf3 Nxd5
54. cxd5 Kf5 55. h3 a5 56. Ra3 Rxd5 57. Rxa5 Rd3+ 58. Ke2 Rc3 59. Kd2 Rxh3 60.
Rxc5+ Kxf4 61. Ke2 Ra3 62. Rc4+ Kf5 63. Kf1 g5 64. Kg2 h4 65. f3 Ra2+ 66. Kg1
h3 67. Rb4 h2+ 68. Kh1 Rf2 69. Ra4 Rxf3 70. Kxh2 Rf4 71. Ra2 Kg4 72. Kg2 Rb4 73.
Rc2 Ra4 74. Rb2 Kh4 75. Rc2 g4 76. Rb2 Ra3 77. Rc2 Rg3+ 78. Kh2 Rf3 79. Kg2 Rf4
80. Rb2 g3 81. Ra2 Rf2+ 82. Rxf2 gxf2 83. Kxf2 1/2-1/2

[Event "XXV OOM - Mistrzostwa Polski Juniorow Mlodszych - Chlopcy do lat 14"]
[Site "Sielpia"]
[Date "1899-12-30"]
[Round "1.18"]
[White "Budzisz, Adrian"]
[Black "Madajczak, Piotr"]
[Result "1-0"]
[WhiteTitle "I"]
[BlackTitle "I"]
[WhiteElo "1788"]
[BlackElo "1549"]

1. d4 f5 2. Nf3 Nf6 3. e3 d6 4. Be2 g6 5. O-O Bg7 6. c4 O-O 7. Nc3 Qe8 8. b4 c6
9. Bb2 e5 10. d5 Qe7 11. a4 cxd5 12. cxd5 h6 13. a5 g5 14. Qb3 g4 15. Nd2 h5 16.
f3 Nh7 17. Rfc1 Bd7 18. b5 Bh6 19. Na4 Qg5 20. Nc4 gxf3 21. Bxf3 e4 22. Be2 f4
23. Qc3 Nf6 24. exf4 Qg6 25. f5 Bxf5 26. Rf1 Bg7 27. Nxd6 Ne8 28. Nxf5 Rxf5 29.
Qc8 Rg5 30. Qe6+ Qxe6 31. dxe6 Bxb2 32. Nxb2 Re5 33. Bc4 a6 34. bxa6 Nxa6 35.
Rad1 Nac7 36. e7+ Kg7 37. Rf7+ Kg6 38. Rdf1 Raxa5 39. Bb3 b5 40. h4 Ra3 41. Bc2
Ra2 42. Nd3 Re6 43. Bb3 exd3 44. Bxa2 Rd6 45. Bb1 b4 46. R7f3 Rf6 47. Bxd3+ Kf7
48. Re1 Rxf3 49. Bc4+ Kf6 50. gxf3 Nd6 51. Bb3 Nde8 52. Kf2 Nd6 53. Re3 Nce8 54.
Re6+ Kg7 55. Ke1 Nf5 56. Re4 Kf6 57. Re6+ Kg7 58. Kf2 Nd4 59. Re3 Nf5 60. Re4
Kf6 61. Ba4 Nfd6 62. Re2 Kf7 63. Bb3+ Kf6 64. Re6+ Kg7 65. Re5 Kf6 66. f4 Nf5
67. Ba4 Nfd6 68. Ke2 Kf7 69. Kd3 Nc7 70. Kd4 Nde8 71. Kc4 Nd6+ 72. Kxb4 Ne6 73.
Bb3 1-0

[Event "XXV OOM - Mistrzostwa Polski Juniorow Mlodszych - Chlopcy do lat 14"]
[Site "Sielpia"]
[Date "1899-12-30"]
[Round "1.19"]
[White "Matela, Krzysztof"]
[Black "Paprocki, Antoni"]
[Result "1/2-1/2"]
[WhiteTitle "I"]
[BlackTitle "I"]
[WhiteElo "1540"]
[BlackElo "1778"]

1. e4 c5 2. Ne2 d6 3. g3 e5 4. Bg2 g6 5. c3 Bg7 6. O-O Nc6 7. Na3 Nge7 8. Nc2 O-O
9. Ne3 f5 10. Qb3+ Kh8 11. f4 Na5 12. Qa3 Nac6 13. Qb3 fxe4 14. Bxe4 Nf5 15. d3
Qe8 16. Bd2 Rb8 17. Qc2 Be6 18. fxe5 Nxe3 19. Rxf8+ Qxf8 20. Bxe3 d5 21. Bg2 Bxe5
22. Rf1 Qe7 23. Bf4 Rd8 24. d4 Bg7 25. Qd2 Re8 26. Bg5 Qd6 27. Bf4 Qe7 28. Bg5
Qd6 29. Bf4 Qe7 30. Bg5 Qd6 31. Bf4 1/2-1/2

[Event "XXV OOM - Mistrzostwa Polski Juniorow Mlodszych - Chlopcy do lat 14"]
[Site "Sielpia"]
[Date "1899-12-30"]
[Round "1.20"]
[White "Jedraszek, Pawel"]
[Black "Lokaj, Bartlomiej"]
[Result "1/2-1/2"]
[WhiteTitle "I"]
[BlackTitle "II"]
[WhiteElo "1753"]
[BlackElo "1537"]

1. e4 e5 2. Nf3 Nc6 3. Bb5 a6 4. Ba4 Nf6 5. O-O Nxe4 6. d4 b5 7. Bb3 d5 8. Nxe5
Nxe5 9. dxe5 Be6 10. c3 Be7 11. Be3 O-O 12. f4 Qd7 13. Nd2 Nc5 14. Bc2 Bf5 15.
Nf3 Ne4 16. a4 c6 17. Qb1 c5 18. Nd2 Qc6 19. Nxe4 dxe4 20. Qe1 f6 21. Qg3 Qe6
22. Rae1 Bg6 23. Rf2 f5 24. Rd2 c4 25. Ra1 Qc6 26. Qf2 Rfb8 27. axb5 axb5 28.
Rdd1 Bh5 29. Rdc1 Rc8 30. Bd4 Ra6 31. Rxa6 Qxa6 32. b4 1/2-1/2

[Event "XXV OOM - Mistrzostwa Polski Juniorow Mlodszych - Chlopcy do lat 14"]
[Site "Sielpia"]
[Date "1899-12-30"]
[Round "1.21"]
[White "Blazniak, Bartlomiej"]
[Black "Wieczorek, Mikolaj"]
[Result "0-1"]
[WhiteTitle "I"]
[BlackTitle "I"]
[WhiteElo "1518"]
[BlackElo "1752"]

1. d4 Nf6 2. Bg5 c5 3. Bxf6 gxf6 4. d5 Qb6 5. Qc1 f5 6. c4 Bh6 7. e3 d6 8. Nc3
Nd7 9. Nf3 Nf6 10. g3 O-O 11. Bg2 Qb4 12. Nd2 Ng4 13. a3 Qa5 14. Nf3 Bg7 15. O-O
Bd7 16. Qc2 Ne5 17. Nxe5 dxe5 18. Rfd1 e4 19. Rab1 Qc7 20. Rd2 a6 21. Rbd1 Qd6
22. Ne2 b5 23. cxb5 Bxb5 24. Nf4 Rab8 25. b3 c4 26. bxc4 Rfc8 27. Bf1 Qxa3 28.
Qa2 Qxa2 29. Rxa2 Bxc4 30. Bxc4 Rxc4 31. Rxa6 Be5 32. Rc6 Rc8 33. Rxc8+ Rxc8 34.
Kf1 Kg7 35. Ne2 Rd8 36. Nd4 Bxd4 37. Rxd4 Kf6 38. Ke2 Ke5 39. Kd2 Rxd5 40. Rxd5+
Kxd5 41. Kc3 Kc5 42. Kb3 e5 43. Kc3 h6 44. h4 h5 45. Kb3 f4 46. exf4 exf4 47.
gxf4 0-1

[Event "XXV OOM - Mistrzostwa Polski Juniorow Mlodszych - Chlopcy do lat 14"]
[Site "Sielpia"]
[Date "1899-12-30"]
[Round "1.22"]
[White "Oleksy, Krzysztof"]
[Black "Szafranski, Maciej"]
[Result "1-0"]
[WhiteTitle "I"]
[BlackTitle "II+"]
[WhiteElo "1746"]
[BlackElo "1503"]

1. d4 d5 2. c4 e6 3. Nc3 Nf6 4. Nf3 Be7 5. Bf4 a6 6. e3 O-O 7. Rc1 Nbd7 8. Qc2
dxc4 9. Bxc4 b5 10. Bd3 Bb7 11. O-O c5 12. dxc5 Nxc5 13. Rfd1 Qb6 14. Be5 Nxd3
15. Qxd3 Rfd8 16. Qe2 Nd7 17. Bg3 Nc5 18. b4 Nd7 19. a3 Rac8 20. e4 Rc4 21. Na4
Qc6 22. Rxc4 bxc4 23. Nc3 Nf6 24. Rxd8+ Bxd8 25. Ne5 Qd6 26. Nxf7 Qd7 27. Nd6
Bc6 28. Qxc4 Kh8 29. e5 Nd5 30. Nxd5 Bxd5 31. Qxa6 Qc7 32. Qc8 Qe7 33. Qxd8+ 1-0